Library of the University of Algiers 3
Ibrahim Sultan Cheibout
شعار جامعة الجزائر 3
مكتبة جامعة الجزائر 3
إبراهيم سلطان شيبوط

العولمة نظرية بلا منظر / (رقم التسجيلة. 42612)

تفاصيل مارك
000 -LEADER
fixed length control field 01116nam a2200193Ia 4500
003 - CONTROL NUMBER IDENTIFIER
control field Ost
005 - DATE AND TIME OF LATEST TRANSACTION
control field 20260507075048.0
008 - FIXED-LENGTH DATA ELEMENTS--GENERAL INFORMATION
fixed length control field 260507s9999||||xx |||||||||||||| ||und||
020 ## - INTERNATIONAL STANDARD BOOK NUMBER
International Standard Book Number 9147317977
040 ## - CATALOGING SOURCE
Transcribing agency fsecg
041 ## - LANGUAGE CODE
Language code of text/sound track or separate title ara
100 ## - MAIN ENTRY--PERSONAL NAME
Personal name شبكشي، علي حسين
Relator term مؤلف
245 #0 - TITLE STATEMENT
Title العولمة نظرية بلا منظر /
Statement of responsibility, etc. علي حسين شبكشي
260 ## - PUBLICATION, DISTRIBUTION, ETC.
Place of publication, distribution, etc. [دون مكان]:
Name of publisher, distributor, etc. [دون ناشر],
Date of publication, distribution, etc. 2001
300 ## - PHYSICAL DESCRIPTION
Extent 229 صفحة؛
Other physical details إيضاحات ؛
Dimensions 24 سم
520 ## - SUMMARY, ETC.
Summary, etc. ما هي العولمة-الهيمنة في التاريخ-الفارق بين الهيمنة الأوربية والهيمنة الأمريكية-آليات الصراع بلا أسلحة-لماذا الولايات المتحدة-العولمة والدولة القومية-عولمة الفقر-العولمة والدولة الوطنية-العولمة والسيادة-الإسلام والغرب-العولمة الجديدة والمجال الحيوي للشرق الأوسط- الشركات العملاقة المتعددة الجنسيات
653 ## - INDEX TERM--UNCONTROLLED
Uncontrolled term العولمة
942 ## - ADDED ENTRY ELEMENTS (KOHA)
Koha item type كتب
المقتنيات
Withdrawn status Lost status Source of classification or shelving scheme Damaged status Not for loan Home library Current library Date acquired Serial enumeration / chronology Inventory number Total checkouts Full call number Barcode Date last seen Price effective from Koha item type
    Dewey Decimal Classification   NOT LOAN / إعارة داخلية مكتبة كلية العلوم الإقتصادية والعلوم التجارية وعلوم التسيير مكتبة كلية العلوم الإقتصادية والعلوم التجارية وعلوم التسيير 07/05/2026 الطابق الأرضي 470/1   أ/470ن1 470/1 07/05/2026 07/05/2026 كتب

موارد الويب المفتوحة


© University of Algiers 3 All Rights Reserved
|
Implemented by LECHELAH Riad